War with no end / (Record no. 14438)

000 -LEADER
fixed length control field 01775cam a2200385Ia 4500
001 - CONTROL NUMBER
control field 6346038
005 - DATE AND TIME OF LATEST TRANSACTION
control field 20170105102855.0
008 - FIXED-LENGTH DATA ELEMENTS--GENERAL INFORMATION
fixed length control field 071123s2007 enka b 000 0 eng
015 ## - NATIONAL BIBLIOGRAPHY NUMBER
National bibliography number GBA771461
Source bnb
016 7# - NATIONAL BIBLIOGRAPHIC AGENCY CONTROL NUMBER
Record control number 013834374
Source Uk
020 ## - INTERNATIONAL STANDARD BOOK NUMBER
International Standard Book Number 9781844671847 (pbk.)
020 ## - INTERNATIONAL STANDARD BOOK NUMBER
International Standard Book Number 1844671844 (pbk.)
035 ## - SYSTEM CONTROL NUMBER
System control number (OCoLC)ocn154707527
035 ## - SYSTEM CONTROL NUMBER
System control number (NNC)6346038
040 ## - CATALOGING SOURCE
Original cataloging agency UKM
Transcribing agency UKM
Modifying agency BTCTA
-- BAKER
-- YDXCP
-- MUB
-- ZQP
-- VYF
-- WIM
-- SUC
043 ## - GEOGRAPHIC AREA CODE
Geographic area code n-us---
-- a-af---
082 04 - DEWEY DECIMAL CLASSIFICATION NUMBER
Classification number 958.1047
Edition number 22
090 ## - LOCALLY ASSIGNED LC-TYPE CALL NUMBER (OCLC); LOCAL CALL NUMBER (RLIN)
Classification number (OCLC) (R) ; Classification number, CALL (RLIN) (NR) DS371.412
Local cutter number (OCLC) ; Book number/undivided call number, CALL (RLIN) .W37 2007
245 00 - TITLE STATEMENT
Title War with no end /
Statement of responsibility, etc. John Berger ... [et al.].
260 ## - PUBLICATION, DISTRIBUTION, ETC.
Place of publication, distribution, etc. London :
Name of publisher, distributor, etc. Verso,
Date of publication, distribution, etc. 2007.
263 ## - PROJECTED PUBLICATION DATE
Projected publication date 200710
300 ## - PHYSICAL DESCRIPTION
Extent 167 p. :
Other physical details ill. ;
Dimensions 20 cm.
500 ## - GENERAL NOTE
General note Published in collaboration with the Stop the War Coalition and United for Peace and Justice.
500 ## - GENERAL NOTE
General note Includes bibliographical references.
505 00 - FORMATTED CONTENTS NOTE
Miscellaneous information Introductions /
Statement of responsibility Judith le Blanc and Lindsey German --
Title The global War on Terror: what it is, what it's done to the world /
Statement of responsibility Phyllis Bennis --
Title Come September /
Statement of responsibility Arundhati Roy --
Title Human shield /
Statement of responsibility John Berger --
Title Songs of resistance /
Statement of responsibility Haifa Zangana --
Title Weddings and beheadings /
Statement of responsibility Hanif Kureishi --
Title Down! Up! /
Statement of responsibility Joe Sacco --
Title Mezzaterra /
Statement of responsibility Ahdah Soueif --
Title Homeland wars /
Statement of responsibility Tram Nguyen --
Title Not in our names /
Statement of responsibility September 11th Families for Peaceful Tomorrows --
Title Building a booming economy based on war with no end: the lessons of Israel /
Statement of responsibility Naomi Klein.
650 #0 - SUBJECT ADDED ENTRY--TOPICAL TERM
Topical term or geographic name entry element Afghan War, 2001-
General subdivision Causes.
650 #0 - SUBJECT ADDED ENTRY--TOPICAL TERM
Topical term or geographic name entry element Afghan War, 2001-
General subdivision Influence.
650 #0 - SUBJECT ADDED ENTRY--TOPICAL TERM
Topical term or geographic name entry element Afghan War, 2001-
Form subdivision Literary collections.
700 1# - ADDED ENTRY--PERSONAL NAME
Personal name Berger, John.
710 2# - ADDED ENTRY--CORPORATE NAME
Corporate name or jurisdiction name as entry element Stop the War Coalition.
710 2# - ADDED ENTRY--CORPORATE NAME
Corporate name or jurisdiction name as entry element United for Peace and Justice (Organization)
942 ## - ADDED ENTRY ELEMENTS (KOHA)
Source of classification or shelving scheme
Koha item type Book
948 1# - LOCAL PROCESSING INFORMATION (OCLC); SERIES PART DESIGNATOR (RLIN)
Series part designator, SPT (RLIN) 20071211
b (OCLC) c
c (OCLC) ks26
d (OCLC) MPS
Holdings
Withdrawn status Lost status Damaged status Not for loan Collection code Permanent Location Current Location Shelving location Date acquired Total Checkouts Full call number Barcode Date last seen Price effective from Koha item type
          Centre for International Peace & Stability (CIPS) Centre for International Peace & Stability (CIPS) General Stacks 08/27/2013   958.1047 BEN 2007 CIPS0000805 08/27/2013 08/27/2013 Book
© 2023 Central Library, National University of Sciences and Technology. All Rights Reserved.